| 000 | 00652nam a2200229Ia 4500 | ||
|---|---|---|---|
| 003 | OSt | ||
| 005 | 20220926040218.0 | ||
| 006 | a|||||r|||| 00| 0 | ||
| 007 | ta | ||
| 008 | 220923b |||||||| |||| 00| 0 eng d | ||
| 037 | _cGeneral Book | ||
| 040 |
_aRTL _cRTL _beng |
||
| 041 |
_2eng _aeng |
||
| 082 | _aX61.42.N6, K2 | ||
| 100 |
_aPatrick Hugh T. _9126922 |
||
| 245 | 0 | _aMonetary policy and central banking in contemporar | |
| 260 | _c1962 | ||
| 490 | _aMonetary and International Economics, 5. | ||
| 650 |
_aEconomics-Money-Japan _9284536 |
||
| 942 |
_hX61.42.N6, K2 _cGB _2CC |
||
| 999 |
_c664161 _d664161 |
||